书目信息 |
| 题名: |
安装起重工
|
|
| 作者: | ;中国建筑工程总公司 主编 | |
| 分册: | ||
| 出版信息: | 北京 中国建筑工业出版社 2005.08 |
|
| 页数: | 74页 | |
| 开本: | 20cm | |
| 丛书名: | ||
| 单 册: | ||
| 中图分类: | T-652.1 , TU732 | |
| 科图分类: | ||
| 主题词: | 起重工--qi zhong gong--标准--习题 , 安装工--an zhuang gong--标准--习题 , 建筑工程--施工机具 | |
| 电子资源: | ||
| ISBN: | ||
| 000 | 01070nam0 2200289 450 | |
| 001 | 012006169824 | |
| 005 | 20060927100503.92 | |
| 010 | @dCNY6.00 | |
| 091 | @a15112.11838@dCNY6.00 | |
| 100 | @a20060727d2005 km y0chiy0120 ea | |
| 101 | 0 | @achi |
| 102 | @aCN@b110000 | |
| 105 | @aa ql 000yy | |
| 200 | 1 | @a安装起重工@Aan zhuang qi zhong gong@e技师@f中国建筑工程总公司主编@Fzhong guo jian zhu gong cheng zong gong si zhu bian |
| 210 | @a北京@c中国建筑工业出版社@d2005.08 | |
| 215 | @a74页@c图@d20cm | |
| 300 | @a中华人民共和国建设部·职业技能标准·职业技能鉴定规范·职业技能鉴定试题库 | |
| 330 | @a本书内容包括:安装起重工识图知识、起重力学基础、起重吊装相关知识、螺栓及其焊接基础知识、起重机的选择与计算等。 | |
| 517 | 1 | @a技师@Aji shi |
| 606 | 0 | @a起重工@Aqi zhong gong@x标准@j习题 |
| 606 | 0 | @a安装工@Aan zhuang gong@x标准@j习题 |
| 606 | 0 | @a建筑工程@x施工机具 |
| 690 | @aT-652.1@v4 | |
| 690 | @aTU732@v3 | |
| 711 | 02 | @a中国建筑工程总公司@Azhong guo jian zhu gong cheng zong gong si@4主编 |
| 801 | 0 | @aCN@c20060927 |
| 905 | @a10447@dTU732@eZ567 | |
| 安装起重工:技师/中国建筑工程总公司主编.-北京:中国建筑工业出版社,2005.08 |
| 74页:图;20cm |
| 中华人民共和国建设部·职业技能标准·职业技能鉴定规范·职业技能鉴定试题库 |
| ISBN :CNY6.00 |
| 本书内容包括:安装起重工识图知识、起重力学基础、起重吊装相关知识、螺栓及其焊接基础知识、起重机的选择与计算等。 |
| ● |
| 相关链接 |
|
|
|
正题名:安装起重工
索取号:TU732/Z567
 
预约/预借
| 序号 | 登录号 | 条形码 | 馆藏地/架位号 | 状态 | 备注 |
| 1 | 598615 | 205986156 | 建筑库201/201建筑库 187排4列4层/ [索取号:TU732/Z567] | 在馆 | |
| 2 | 598616 | 205986165 | 建筑库201/201建筑库 187排4列4层/ [索取号:TU732/Z567] | 在馆 | |
| 3 | 598617 | 205986174 | 建筑库201/201建筑库 71排1列1层/ [索取号:TU732/Z567] | 在馆 |